<?xml version="1.0" encoding="UTF-8"?>
<record
    xmlns:xsi="http://www.w3.org/2001/XMLSchema-instance"
    xsi:schemaLocation="http://www.loc.gov/MARC21/slim http://www.loc.gov/standards/marcxml/schema/MARC21slim.xsd"
    xmlns="http://www.loc.gov/MARC21/slim">

  <leader>00789cam a22002051  4500</leader>
  <controlfield tag="001">ca 09004673 </controlfield>
  <controlfield tag="003">DLC</controlfield>
  <controlfield tag="005">20260227111050.0</controlfield>
  <controlfield tag="008">760921s1904    ohu           000 0 eng  </controlfield>
  <datafield tag="010" ind1=" " ind2=" ">
    <subfield code="a">ca 09004673 </subfield>
  </datafield>
  <datafield tag="035" ind1=" " ind2=" ">
    <subfield code="a">(OCoLC)2455383</subfield>
  </datafield>
  <datafield tag="040" ind1=" " ind2=" ">
    <subfield code="a">DLC</subfield>
    <subfield code="c">OClW</subfield>
    <subfield code="d">DLC</subfield>
  </datafield>
  <datafield tag="042" ind1=" " ind2=" ">
    <subfield code="a">premarc</subfield>
  </datafield>
  <datafield tag="050" ind1="0" ind2="0">
    <subfield code="a">HD7413.N3</subfield>
    <subfield code="b">A5 1904</subfield>
  </datafield>
  <datafield tag="110" ind1="2" ind2=" ">
    <subfield code="a">National cash register company, Dayton, O.</subfield>
  </datafield>
  <datafield tag="245" ind1="0" ind2="0">
    <subfield code="a">National Cash Register Factory,</subfield>
    <subfield code="b">Dayton, Ohio, U.S.A., as seen by English experts of the Mosely Industrial and Educational Commissions ...</subfield>
    <subfield code="c">comp. by Alfred A. Thomas, general counsel and secretary of the corporation.</subfield>
  </datafield>
  <datafield tag="260" ind1=" " ind2=" ">
    <subfield code="a">[Dayton, O.]</subfield>
    <subfield code="c">1904.</subfield>
  </datafield>
  <datafield tag="300" ind1=" " ind2=" ">
    <subfield code="a">96 p.</subfield>
    <subfield code="b">illus. (incl. ports.) diagrs.</subfield>
    <subfield code="c">22 cm.</subfield>
  </datafield>
  <datafield tag="700" ind1="1" ind2=" ">
    <subfield code="a">Thomas, Alfred A.</subfield>
    <subfield code="q">(Alfred Addison),</subfield>
    <subfield code="d">1845-1916,</subfield>
    <subfield code="e">comp.</subfield>
  </datafield>
  <datafield tag="999" ind1=" " ind2=" ">
    <subfield code="c">14036</subfield>
    <subfield code="d">14036</subfield>
  </datafield>
</record>
